Statistics for All Participants of ICC Cricket World Cup 2019

Click here to take the quiz!

General Stats

  • This quiz has been taken 59 times
  • The average score is 10 of 10

Answer Stats

Qualification MeansAnswer% Correct
ICC ODIAustralia
100%
HostEngland
100%
ICC ODIIndia
100%
ICC ODINew Zealand
100%
ICC ODIPakistan
100%
ICC ODISouth Africa
98%
ICC ODIBangladesh
96%
ICC ODISri Lanka
96%
2018 QualifierWest Indies
95%
2018 QualifierAfghanistan
93%

Score Distribution

Percentile by Number Answered

Percent of People with Each Score

Your Score History

You have not taken this quiz